000 00694nam a22001817a 4500
999 _c12490
_d12490
003 AR-CdUCM
008 190409b ||||| |||| 00| 0 spa d
040 _aMUNICIPALIDAD PROVINCIAL DEL CUSCO
_cBIBLIOTECA MUNICIPAL DEL CUSCO
082 _27ed.
_a636.089
_bF39 / 1903
100 _aFerrer de Conto, Jose
_930352
245 _aManual de veterinaria y equitación /
260 _aParís :
_bLibreria de la Vda de CH. Bouret,
_c1903.
300 _a443 páginas ;
_c16 cm.
505 _aManera de sujetar a los animales -- uso de los anastésicos -- elementos de las operaciones -- contención de la sangre...
650 _aVeterinaria.
_919735
942 _2ddc
_cLIBROS
945 _awfj
_d2019-04-09